000 00356nam a2200133 4500
005 20260530113901.0
100 1 _aAlberto Díaz de Cosio
_932356
245 1 0 _aLa Cerámica colonial y contemporánea
264 1 _bFONART • SEP
_c1982
300 _a42 páginas
336 _atexto
_2rdacontent
337 _asin medio
_2rdamedia
338 _avolumen
_2rdacarrier
999 _c11802
_d11802